00522nam a2200193 a 4500001001300000003000900013005001700022008004100039020002300080082001500103100002500118245005100143260002800194300000900222500003500231505001000266650002700276700002500303nice12345678IN_TiNIC20260116014215.0070417s2004 dela grp 000 0 eng  a8178292742 c42000a305.4bGOO aGoonesekere, Savitri aViolence, Law and Women`s Rights in South Asia aDelhi bSage Pub c2004 a352p aincludes index and biblioraphy2 aIndex aWomen and Human Rights1 aGoonesekere, Savitri